| 000 | 00847nam a22002897a 4500 | ||
|---|---|---|---|
| 003 | CHAP | ||
| 005 | 20220329143500.0 | ||
| 008 | 100118s1986 mx a r 00010 spa d | ||
| 010 | _a97304 | ||
| 011 | _a98276 | ||
| 020 | _a8423100618 | ||
| 035 | _a108960 | ||
| 040 | _cCHAP | ||
| 082 | 0 | 4 |
_a582.0464 _bC86 |
| 100 | 1 |
_aCretti, Luciano _928921 |
|
| 245 | 1 | 0 |
_aBayas y frutos silvestres _c/por Luciano Cretti |
| 260 |
_aBarcelona : _bDaimon, _c1986 |
||
| 300 |
_axlvii,120 p. : _bilus. |
||
| 534 |
_pTít. original : _tBacce e frutti selvatici |
||
| 590 |
_aBATCH-UPD _b10 _c20130110 _lUCH01 _h1111 |
||
| 590 |
_aCONVERSION _b10 _c20130109 _lUCH01 _h1354 |
||
| 650 | 1 | 4 |
_aBayas. _910992 |
| 650 | 1 | 4 |
_aFrutas silvestres comestibles. _943678 |
| 901 | _aBK | ||
| 942 | _cLIBRO | ||
| 949 |
_a582.0464 C86 _bBC _cC _d33724002118223 _eC _h111642 _i108960 _sb |
||
| 999 |
_c97304 _d97304 |
||